00978nam a2200229 i 4500001000700000003000900007005001700016007000300033008004100036100006900077245014000146250007900286260005100365300002200416500007400438655003300512700003500545852002100580942000800601999001900609952012000628137744ES-MaACL20250716063304.0t|070214s1936 sp |||| | fre d1 aFénelon, François de Salignac de La Mothe,d1651-171594924610aAventures de Télèmaque / cpar Fénelon ; avec un discours sur l'usage de ce livre dans les classes, des notes par l'Abée Auber. aEd. classique, reimp. sur les plus correctes qui ont paru jusqu'a ce jour. a[S. l. : bs. n., c1936] (eMadrid : fBlass) a443 p. ; c17 cm. aReprod. facs. de la ed. de: Paris : Librairie Jacques Lecoffre, 1872. 72tgfbne9226495aFacsímiles1 aAuber, Charles-Auguste.923788 aES-MaACLjA-4731 2udc c137744d137744 00104070aATENEOMbATENEOMcSPP1d2008-01-17eSCl0oA-4731p1143341r2023-02-23 00:00:00w2023-02-23yMONOGRAFIA